[Event "Mechanics' Summer TNM; 30/90, SD/30"]
[Site "San Francisco"]
[Date "2013.05.28"]
[Round "1.16"]
[White "Grey, Peter"]
[Black "Morgan, Jerry"]
[Result "1-0"]
[WhiteElo "2000"]
[BlackElo "1575"]
[Annotator "Donaldson"]
[PlyCount "89"]
[EventDate "2013.??.??"]

1. e4 c6 2. d4 d5 3. Nc3 dxe4 4. Nxe4 Bf5 5. Ng3 Bg6 6. h4 h6 7. Nf3 Nd7 8. h5
Bh7 9. Bd3 Bxd3 10. Qxd3 e6 11. Bd2 Ngf6 12. O-O-O Be7 13. Kb1 O-O 14. Ne4 c5
15. Bf4 Nd5 16. Bc1 Qa5 17. Bd2 Nb4 18. Qb3 Qb6 19. Bxb4 Qxb4 20. Qxb4 cxb4 21.
Ne5 Nb6 22. c4 bxc3 23. bxc3 Rfc8 24. Kc2 Rc7 25. Kb3 a5 26. a4 Rac8 27. Rh3
Nd5 28. c4 Nb6 29. c5 Nd5 30. Rf3 Nf6 31. Nc3 b6 32. Nb5 bxc5 33. Nxc7 Rxc7 34.
dxc5 Rxc5 35. Nd7 Rxh5 36. Rc3 Nd5 37. Rc8+ Kh7 38. Nf8+ Bxf8 39. Rxf8 Rf5 40.
Rd2 g5 41. Ra8 Nf4 42. g4 Re5 43. Rd7 Kg6 44. Rg8+ Kf6 45. Rf8 {Black's resigna
tion is premature. White is winning a pawn but Black could still put up
considerable resistance with 45...Re2.} 1-0

[Event "Mechanics' Summer TNM; 30/90, SD/30"]
[Site "San Francisco"]
[Date "2013.06.25"]
[Round "5.14"]
[White "Grey, Peter"]
[Black "Niemann, Hans"]
[Result "1-0"]
[WhiteElo "2000"]
[BlackElo "1533"]
[Annotator "Donaldson"]
[PlyCount "97"]
[EventDate "2013.??.??"]

1. d4 d5 2. c4 e5 3. dxe5 d4 4. Nf3 Nc6 5. a3 Bf5 6. g3 Qd7 7. Bg2 h5 8. Nbd2
Be7 9. b4 h4 10. b5 Na5 11. Qa4 h3 12. Bf1 b6 13. Bb2 Bc5 14. Rc1 (14. O-O-O)
14... f6 15. Nb3 Nxb3 16. Qxb3 Be4 17. Rg1 d3 18. exd3 Bxf3 19. d4 Bxd4 20.
Qxf3 Rd8 21. Rd1 $2 (21. Bxd4 Qxd4 22. Qc3) 21... Bxf2+ 22. Kxf2 Qxd1 23. Be2
Qd7 24. Rd1 Qe6 25. Rxd8+ Kxd8 26. Qa8+ Qc8 27. Qd5+ Ke7 28. Bc3 Qe6 29. Qb7
Kd7 30. Bf3 fxe5 31. Bc6+ Kd8 32. Qxa7 Ne7 33. Qa8+ Nc8 34. Bb7 Rf8+ 35. Ke3
Ke7 36. Bxc8 Rxc8 37. Qe4 Kf6 38. g4 Re8 39. Qf3+ Kg5 40. Qxh3 Qxg4 (40... Qxc4
) (40... g6) 41. Qxg4+ Kxg4 42. Ke4 Kh3 43. Bxe5 g5 44. Kf5 g4 45. Bxc7 Rf8+
46. Ke6 Rf2 47. Bxb6 Rxh2 48. a4 Ra2 49. a5 {White lost on time} 1-0

[Event "Mechanics' Spring TNM; 30/90, SD/30"]
[Site "San Francisco"]
[Date "2013.04.16"]
[Round "5.7"]
[White "Grey, Peter"]
[Black "Ramachandran, Jayakrishnan"]
[Result "1-0"]
[WhiteElo "2015"]
[BlackElo "1843"]
[PlyCount "109"]
[EventDate "2013.??.??"]

1. e4 e5 2. Nf3 Nc6 3. Bb5 a6 4. Ba4 Nf6 5. O-O Be7 6. Re1 b5 7. Bb3 d6 8. c3
Na5 9. Bc2 c5 10. d4 Qc7 11. Nbd2 O-O 12. h3 Ne8 13. Nf1 g6 14. Ne3 Be6 15.
dxe5 dxe5 16. Nd5 Qd6 17. Bh6 Ng7 18. Nf6+ Kh8 19. Qxd6 Bxd6 20. Rad1 Be7 21.
Nd7 Rfd8 22. Ndxe5 Rxd1 23. Rxd1 Rd8 24. Rxd8+ Bxd8 25. b3 f6 26. Nd3 Be7 27.
Be3 Nb7 28. Nd2 Ne8 29. Nf4 Nc7 30. c4 bxc4 31. bxc4 Bd6 32. Nd5 Kg7 33. f4 f5
34. e5 Nxd5 35. cxd5 Bxd5 36. exd6 Bxa2 37. d7 Be6 38. d8=Q Nxd8 39. Bxc5 Nb7
40. Ba3 Kf6 41. Kf2 Nd8 42. Ke3 h6 43. Bb3 Bxb3 44. Nxb3 g5 45. Bb2+ Kg6 46.
Nc5 Kh5 47. g3 a5 48. Bc3 Nc6 49. Kf3 Kg6 50. Ke3 Kh5 51. Bd2 Kg6 52. Kd3 Kf6
53. Kc4 g4 54. h4 Kf7 55. Kd5 1-0

[Event "Mechanics' Spring TNM; 30/90, SD/30"]
[Site "San Francisco"]
[Date "2013.04.30"]
[Round "7.10"]
[White "Grey, Peter"]
[Black "Sainz, Guadalupe"]
[Result "0-1"]
[WhiteElo "2015"]
[BlackElo "1871"]
[PlyCount "100"]
[EventDate "2013.??.??"]

1. Nf3 d5 2. d4 Nf6 3. c4 c6 4. Nc3 e6 5. e3 Nbd7 6. Qc2 Bb4 7. Bd2 O-O 8. Bd3
Re8 9. O-O e5 10. dxe5 Nxe5 11. Nxe5 Rxe5 12. Nxd5 cxd5 13. Bxb4 Rg5 14. Kh1 h5
15. f4 Rg4 16. Bc3 dxc4 17. Bxc4 Qb6 18. Rad1 Be6 19. Bxe6 Qxe6 20. Bxf6 gxf6
21. e4 Rc8 22. Qa4 Rc4 23. Qxa7 Qxe4 24. Qf2 h4 25. h3 Rg3 26. Kh2 Rc6 27. f5
Qe5 28. Rd8+ Kg7 29. Qf4 Rc2 30. Qxe5 Rgxg2+ 31. Kh1 fxe5 32. Rg1 Rg3 33. Rxg3+
hxg3 34. Rd3 Rh2+ 35. Kg1 Rxh3 36. Kg2 Rh2+ 37. Kxg3 Rxb2 38. a3 Rb6 39. Kf3
Rc6 40. Ke4 Kf6 41. Rf3 Rc4+ 42. Kd5 Rd4+ 43. Kc5 Rf4 44. Rb3 e4 45. Rxb7 e3
46. Rb3 Re4 47. Rb1 Kxf5 48. Kb5 e2 49. Re1 Kf4 50. a4 Kf3 0-1

[Event "Mechanics' Neil Falconer TNM; 30/90, SD"]
[Site "San Francisco"]
[Date "2013.08.27"]
[Round "4.9"]
[White "Grey, Peter"]
[Black "Sarafian, Greg"]
[Result "1/2-1/2"]
[WhiteElo "2000"]
[BlackElo "1852"]
[PlyCount "102"]
[EventDate "2013.??.??"]

1. e4 d6 2. d4 Nf6 3. Nc3 e5 4. Nf3 Nbd7 5. Bc4 Be7 6. O-O c6 7. a4 b6 8. Re1
O-O 9. h3 Bb7 10. b3 Qc7 11. Ba3 a6 12. Qd2 b5 13. dxe5 Nxe5 14. Nxe5 dxe5 15.
Bxe7 Qxe7 16. axb5 axb5 17. Bd3 Nh5 18. Ne2 g6 19. g4 Ng7 20. Ng3 Ne6 21. Ne2
Qh4 22. Qe3 c5 23. Bxb5 Ng5 24. Qg3 Qxg3+ 25. Nxg3 Nf3+ 26. Kf1 Nxe1 27. Rxe1
Ba6 28. Bxa6 Rxa6 29. Rd1 Ra2 30. Rd2 c4 31. bxc4 Rc8 32. Ke2 Rxc4 33. Kd3 Rc5
34. c3 Ra7 35. Rc2 Rd7+ 36. Ke3 Rd1 37. Ke2 Rd7 38. Ke3 Kg7 39. h4 Rc4 40. Ke2
h6 41. Ke3 f6 42. h5 Rd1 43. Ke2 Rd7 44. Ke3 Rc5 45. Ke2 Kf7 46. hxg6+ Kxg6 47.
Nf5 h5 48. gxh5+ Kxh5 49. Ne3 Kg5 50. Rc1 Kg6 51. Rg1+ Kf7 1/2-1/2

[Event "Mechanics' Winter TNM; 30/90, SD/30"]
[Site "San Francisco"]
[Date "2013.02.12"]
[Round "6.5"]
[White "Grey, Peter"]
[Black "Shakhnazarov, Oleg"]
[Result "0-1"]
[WhiteElo "2011"]
[BlackElo "2184"]
[PlyCount "70"]
[EventDate "2013.??.??"]

1. e4 c5 2. Nf3 Nc6 3. d4 cxd4 4. Nxd4 e5 5. Nb5 d6 6. c4 a6 7. N5a3 Be6 8. Nc3
Be7 9. Nc2 Nf6 10. Be2 O-O 11. O-O Rc8 12. f3 Kh8 13. Be3 Nd7 14. Qd2 f5 15. f4
Nc5 16. fxe5 dxe5 17. exf5 Bxf5 18. Rad1 Qe8 19. Nd5 Ne6 20. Rxf5 Rxf5 21. Bg4
g6 22. Bxf5 gxf5 23. Nxe7 Qxe7 24. Qc3 Rg8 25. Rd5 Qg7 26. Ne1 f4 27. Bb6 Ned4
28. Bxd4 Nxd4 29. Qh3 Rf8 30. Qd7 Qg5 31. Qd6 Re8 32. Kf2 Qh4+ 33. Kf1 Nf5 34.
Qd7 Ne3+ 35. Ke2 Qh5+ 0-1

[Event "Mechanics' Winter TNM; 30/90, SD/30"]
[Site "San Francisco"]
[Date "2013.01.15"]
[Round "2.12"]
[White "Grey, Peter"]
[Black "Sherwood, Peter"]
[Result "1-0"]
[WhiteElo "2011"]
[BlackElo "1812"]
[PlyCount "233"]
[EventDate "2013.??.??"]

1. e4 c5 2. Nf3 d6 3. d4 cxd4 4. Nxd4 Nf6 5. Nc3 a6 6. Bg5 e6 7. f4 Be7 8. Qf3
Nbd7 9. O-O-O Qc7 10. Bd3 Nc5 11. Rhe1 Nxd3+ 12. Rxd3 O-O 13. e5 dxe5 14. fxe5
Nd5 15. Bxe7 Nxe7 16. Qe4 Bd7 17. Rh3 Ng6 18. Nf3 Bc6 19. Qe3 Bxf3 20. gxf3 Qc4
21. Rg3 Qf4 22. Qxf4 Nxf4 23. Rg4 Ng6 24. h4 Ne7 25. Ne4 Nf5 26. h5 Rfd8 27.
Nf2 Rd4 28. c3 Rxg4 29. fxg4 Ne7 30. Rd1 Nd5 31. Rd4 b5 32. Kd2 Kf8 33. Kd3 Rc8
34. Ke4 Ke7 35. Nd3 a5 36. a4 Rb8 37. axb5 Rxb5 38. c4 f5+ 39. gxf5 exf5+ 40.
Kf3 Rb4 41. Rxd5 Rxc4 42. Rxa5 g5 43. hxg6 hxg6 44. Nf4 g5 45. Ra7+ Ke8 46. Ne6
g4+ 47. Kg3 Re4 48. Ng7+ Kd8 49. Nxf5 Rxe5 50. Kxg4 Rb5 51. Ra2 Kc7 52. Kf4 Kb6
53. Nd4 Rb4 54. Ke3 Kc5 55. Nc2 Rb3+ 56. Kd2 Kb6 57. Na3 Kc5 58. Kc2 Kb4 59.
Nb1 Rh3 60. Nd2 Rh2 61. Ra8 Kb5 62. Rb8+ Kc6 63. Rc8+ Kb7 64. Rc3 Kb6 65. Rd3
Kc5 66. Kc3 Rh4 67. b3 Rg4 68. Rh3 Kb5 69. Rh5+ Kc6 70. Re5 Rh4 71. Re4 Rh3+
72. Kc4 Rh2 73. Rd4 Rh1 74. Ne4 Rc1+ 75. Nc3 Rc2 76. b4 Rb2 77. b5+ Kb7 78. Kc5
Rb3 79. Rc4 Rb2 80. Nd5 Rb1 81. Nb4 Rh1 82. Na6 Rh5+ 83. Kb4 Rh7 84. Nc5+ Kb6
85. Nb3 Rh6 86. Nd4 Kb7 87. Rc6 Rh5 88. Rc5 Rh6 89. Kc4 Rg6 90. Re5 Rh6 91. Rc5
Rg6 92. Rf5 Kb6 93. Rf8 Kb7 94. Re8 Rg5 95. Re7+ Kb6 96. Re6+ Kb7 97. Rd6 Rh5
98. Rd5 Rh7 99. Kc5 Rc7+ 100. Nc6 Rh7 101. Na5+ Ka7 102. b6+ Ka6 103. Nc4 Kb7
104. Nd6+ Kb8 105. Kc6 Rh1 106. Re5 Rc1+ 107. Rc5 Rh1 108. Nc4 Rh6+ 109. Kb5
Rg6 110. Rc6 Rg5+ 111. Rc5 Rg6 112. Ka6 Rg4 113. Rc7 Rg6 114. Rb7+ Ka8 115. Rh7
Rg8 116. Na5 Kb8 117. Nc6+ 1-0

[Event "Mechanics' Summer TNM; 30/90, SD/30"]
[Site "San Francisco"]
[Date "2013.06.11"]
[Round "3.8"]
[White "Grey, Peter"]
[Black "Tsodikova, Natalya"]
[Result "0-1"]
[WhiteElo "2000"]
[BlackElo "2262"]
[PlyCount "92"]
[EventDate "2013.??.??"]

1. e4 c5 2. Nf3 d6 3. d4 cxd4 4. Nxd4 Nf6 5. Nc3 a6 6. Bg5 e6 7. f4 Be7 8. Qf3
h6 9. Bh4 g5 10. fxg5 Nfd7 11. Nxe6 fxe6 12. Qh5+ Kf8 13. Bd3 Ne5 14. O-O+ Kg7
15. Bg3 Nbc6 16. gxh6+ Rxh6 17. Qe2 Bd7 18. Nd1 Be8 19. Ne3 Bh5 20. Qd2 Bg5 21.
Qe1 Qe7 22. Nc4 Nxc4 23. Bxc4 Bf6 24. c3 Ne5 25. Be2 Bxe2 26. Qxe2 Rg6 27. Rad1
b5 28. Bf4 Rd8 29. h3 Rh8 30. Kh1 Rd8 31. Kg1 Qc7 32. a3 Nc4 33. Kh1 Be5 34.
Bc1 Qe7 35. Rd3 Rf8 36. Rdf3 Rxf3 37. Rxf3 Qh4 38. Qf2 Qxf2 39. Rxf2 Rf6 40.
Rxf6 Kxf6 41. g4 Bg3 42. Kg2 Bh4 43. Kf3 Bg5 44. Bxg5+ Kxg5 45. Kg3 Nxb2 46.
h4+ Kg6 0-1

[Event "Mechanics' Spring TNM; 30/90, SD/30"]
[Site "San Francisco"]
[Date "2013.04.02"]
[Round "3.6"]
[White "Grey, Peter"]
[Black "Woebcke, Carl"]
[Result "0-1"]
[WhiteElo "2015"]
[BlackElo "1752"]
[PlyCount "56"]
[EventDate "2013.??.??"]

1. e4 c5 2. Nf3 d6 3. d4 cxd4 4. Nxd4 Nf6 5. Nc3 a6 6. Bg5 e6 7. f4 Nbd7 8. Qf3
Qc7 9. O-O-O b5 10. Bd3 Bb7 11. Rhe1 Qb6 12. Qe3 Be7 13. Nf3 Qxe3+ 14. Rxe3 h6
15. Bh4 Ng4 16. Re2 Bxh4 17. Nxh4 Nxh2 18. a4 g5 19. fxg5 hxg5 20. Nf3 Nxf3 21.
gxf3 b4 22. Na2 Nc5 23. Re3 a5 24. Be2 Ke7 25. Kd2 Ba6 26. Bxa6 Rxa6 27. b3 Rc6
28. Kc1 Rh2 0-1

[Event "Mechanics' Fall TNM; 30/90, SD/30"]
[Site "San Francisco"]
[Date "2013.11.12"]
[Round "4.4"]
[White "Grey, Peter"]
[Black "Wong, Russell"]
[Result "1/2-1/2"]
[WhiteElo "2000"]
[BlackElo "2200"]
[PlyCount "68"]
[EventDate "2013.??.??"]

1. Nf3 d5 2. d4 Bf5 3. c4 e6 4. Nc3 Nf6 5. Bg5 Be7 6. e3 c6 7. cxd5 exd5 8. Bd3
Bxd3 9. Qxd3 Nbd7 10. O-O O-O 11. h3 Ne4 12. Bf4 f5 13. Ne5 Nxe5 14. Bxe5 Bd6
15. Bxd6 Qxd6 16. Nxe4 fxe4 17. Qe2 Qg6 18. f4 exf3 19. Rxf3 Rxf3 20. Qxf3 Rf8
21. Qe2 Qe4 22. a3 Re8 23. Re1 h6 24. Qd2 Re6 25. b4 Rg6 26. Kh2 Qh4 27. Rf1
Qg3+ 28. Kh1 Re6 29. Rf3 Qg6 30. Rf1 Qe4 31. Re1 b6 32. Qc3 g5 33. Qd2 h5 34.
Qf2 Re7 1/2-1/2

[Event "Mechanics' Neil Falconer TNM; 30/90, SD"]
[Site "San Francisco"]
[Date "2013.08.27"]
[Round "4.20"]
[White "Gullickson, William"]
[Black "Chandrasekaran, Siddarth"]
[Result "0-1"]
[WhiteElo "1669"]
[BlackElo "1466"]
[Annotator "Donaldson"]
[PlyCount "64"]
[EventDate "2013.??.??"]

1. e4 e5 2. Bc4 Nf6 3. d3 Bc5 4. Nf3 Nc6 5. c3 d6 6. O-O O-O 7. Nbd2 Be6 8. h3
d5 9. Bb3 (9. exd5 Nxd5 10. Re1 Bd6) (9. Bb5 dxe4 10. dxe4 Qd6) 9... Qd7 10.
Ng5 h6 11. Nxe6 fxe6 12. Qe2 Qf7 (12... Rad8) 13. Nf3 Nh5 $6 (13... Rad8) 14.
Be3 (14. d4 $1 exd4 15. exd5 exd5 16. Qb5 $1) 14... Bxe3 15. fxe3 $2 (15. Qxe3
Nf4) 15... Ng3 16. Qf2 Nxf1 17. Rxf1 Kh8 (17... dxe4 18. dxe4 Qg6) 18. Qg3 d4
19. Nd2 Qe7 20. exd4 Rxf1+ 21. Nxf1 exd4 22. Qg4 Qc5 23. Kh1 dxc3 24. bxc3 Rf8
25. Ng3 Qxc3 26. Qxe6 Qe1+ 27. Kh2 Nd4 28. Qe7 Nf3+ 29. gxf3 Qf2+ 30. Kh1 Qxf3+
31. Kh2 Qf2+ 32. Kh1 Qe1+ 0-1

[Event "Mechanics' Neil Falconer TNM; 30/90, SD"]
[Site "San Francisco"]
[Date "2013.08.06"]
[Round "1.8"]
[White "Gullickson, William"]
[Black "Traub, Igor"]
[Result "0-1"]
[WhiteElo "1669"]
[BlackElo "2059"]
[PlyCount "51"]
[EventDate "2013.??.??"]

1. e4 d5 2. exd5 Nf6 3. d4 Nxd5 4. Nf3 g6 5. c4 Nb6 6. Nc3 Bg7 7. Be3 O-O 8.
Qd2 Bg4 9. Ne5 Bxe5 10. dxe5 Nc6 11. f4 Qc8 12. Be2 Rd8 13. Qc1 Bxe2 14. Nxe2
Qg4 15. Kf2 Nb4 16. Qc3 Nd3+ 17. Kf1 Na4 18. Qc2 Nac5 19. Bxc5 Nxc5 20. Rd1
Rxd1+ 21. Qxd1 Ne6 22. Qc1 Rd8 23. Kf2 Nc5 24. Qe3 Nd3+ 25. Kf1 Nxf4 26. Qxf4
0-1

[Event "Mechanics' Spring TNM; 30/90, SD/30"]
[Site "San Francisco"]
[Date "2013.04.30"]
[Round "7.26"]
[White "Hack, Richard"]
[Black "Brown, Nicholas"]
[Result "0-1"]
[WhiteElo "1674"]
[BlackElo "1570"]
[PlyCount "58"]
[EventDate "2013.??.??"]

1. e4 c6 2. d4 d5 3. exd5 cxd5 4. Bd3 Nc6 5. c3 Nf6 6. Bf4 e6 7. Nf3 Bd6 8. Bg3
O-O 9. Nbd2 Re8 10. Ne5 Qc7 11. f4 Rf8 12. Qe2 Nd7 13. O-O-O Nxd4 14. Qh5 Nf6
15. Qh4 Nf5 16. Bxf5 exf5 17. Ndf3 Be6 18. Nd4 a6 19. Kb1 Rae8 20. Rhe1 Bd7 21.
Nxd7 Qxd7 22. Qh3 Rxe1 23. Rxe1 g6 24. Bh4 Ne4 25. g3 Re8 26. Qg2 Nxc3+ 27. Kc2
Rxe1 28. bxc3 Qa4+ 29. Kb2 Ba3# 0-1

[Event "Mechanics' Winter TNM; 30/90, SD/30"]
[Site "San Francisco"]
[Date "2013.02.26"]
[Round "8.28"]
[White "Hack, Richard"]
[Black "Campers, Willie"]
[Result "0-1"]
[WhiteElo "1674"]
[BlackElo "1601"]
[PlyCount "69"]
[EventDate "2013.??.??"]

1. e4 e6 2. d4 d5 3. Nc3 Nf6 4. e5 Nfd7 5. f4 a6 6. Nf3 c5 7. Be3 Nc6 8. Be2 b5
9. a3 Qc7 10. O-O cxd4 11. Nxd4 Bc5 12. Qd2 Ba7 13. Bxb5 Bxd4 14. Bxc6 Bxe3+
15. Qxe3 Qxc6 16. Kh1 Bb7 17. Rf2 Qb6 18. Qg3 O-O 19. Rd1 Nc5 20. f5 exf5 21.
Rxf5 Rad8 22. Rg5 g6 23. h4 d4 24. b4 Ne6 25. Na4 Qc6 26. Rg4 Qxa4 27. h5 Qxc2
28. Rd3 Ng7 29. hxg6 fxg6 30. e6 Nxe6 31. Qh3 Nf4 32. Rxf4 Rxf4 33. Qe6+ Rf7
34. Rg3 Qc1+ 35. Kh2 0-1

[Event "Mechanics' Spring TNM; 30/90, SD/30"]
[Site "San Francisco"]
[Date "2013.04.09"]
[Round "4.18"]
[White "Hack, Richard"]
[Black "Delmonico, Nils"]
[Result "0-1"]
[WhiteElo "1674"]
[BlackElo "1969"]
[PlyCount "103"]
[EventDate "2013.??.??"]

1. e4 e6 2. d4 d5 3. Nc3 Nf6 4. e5 Nfd7 5. f4 c5 6. Be3 Nc6 7. Nf3 Be7 8. Be2
O-O 9. O-O f6 10. Kh1 fxe5 11. fxe5 cxd4 12. Bxd4 Qc7 13. Nb5 Qb8 14. c4 dxc4
15. Bxc4 Ndxe5 16. Bxe5 Nxe5 17. Nxe5 Qxe5 18. Re1 Qg5 19. Qe2 Bb4 20. Rf1
Rxf1+ 21. Rxf1 Qe7 22. Nd4 Bd7 23. Nxe6 Kh8 24. Nc7 Qxe2 25. Bxe2 Rf8 26. Rxf8+
Bxf8 27. Nd5 Be6 28. Nc3 Bc5 29. a3 Bd4 30. Bf3 b6 31. Nb5 Bxb2 32. Be2 Kg8 33.
Nxa7 Bxa3 34. Nb5 Bc5 35. h4 Kf8 36. Bd3 h6 37. Kh2 Ke7 38. Kg3 Bd6+ 39. Nxd6
Kxd6 40. Kf4 Bd7 41. g4 b5 42. g5 b4 43. Bb1 Be6 44. gxh6 gxh6 45. Ke4 b3 46.
Kd4 Bd5 47. Bf5 Be6 48. Be4 b2 49. Bb1 Bd5 50. Kc3 Ke5 51. Kxb2 Kf4 52. Kc3 0-1

[Event "Mechanics' Spring TNM; 30/90, SD/30"]
[Site "San Francisco"]
[Date "2013.03.26"]
[Round "2.17"]
[White "Hack, Richard"]
[Black "Doyle, Bryon"]
[Result "0-1"]
[WhiteElo "1674"]
[BlackElo "2005"]
[PlyCount "42"]
[EventDate "2013.??.??"]

1. e4 e5 2. Nf3 Nc6 3. Bb5 a6 4. Ba4 Nf6 5. O-O Be7 6. Re1 b5 7. Bb3 O-O 8. c3
d5 9. exd5 Nxd5 10. Nxe5 Nxe5 11. Rxe5 c6 12. d4 Bd6 13. Re1 Qh4 14. g3 Qh3 15.
Qf3 Bg4 16. Qg2 Qh5 17. Bxd5 cxd5 18. Nd2 Rae8 19. Rxe8 Rxe8 20. f3 Re1+ 21.
Kf2 Bh3 0-1

[Event "Mechanics' Spring TNM; 30/90, SD/30"]
[Site "San Francisco"]
[Date "2013.04.23"]
[Round "6.32"]
[White "Hack, Richard"]
[Black "Frank, Robert"]
[Result "1-0"]
[WhiteElo "1674"]
[BlackElo "1264"]
[PlyCount "71"]
[EventDate "2013.??.??"]

1. e4 e5 2. Nf3 Nf6 3. Nc3 Nc6 4. Bb5 Nd4 5. Nxd4 exd4 6. e5 dxc3 7. exf6 Qxf6
8. Qe2+ Qe6 9. bxc3 a6 10. Bc4 Qxe2+ 11. Bxe2 Be7 12. O-O O-O 13. d4 d5 14. c4
Be6 15. cxd5 Bxd5 16. c4 Bc6 17. Rb1 b6 18. Bf4 Bd6 19. Bxd6 cxd6 20. Rxb6 Rfc8
21. d5 Be8 22. Rxd6 Rc5 23. Rb1 Ra5 24. Rb2 Kf8 25. Rdb6 Ra7 26. Rb7 Rxb7 27.
Rxb7 Rxa2 28. Bf1 a5 29. g3 a4 30. d6 Rd2 31. c5 Rd5 32. Rc7 a3 33. Bc4 Rd2 34.
Rc8 a2 35. Bxa2 Rxa2 36. d7 1-0

[Event "Mechanics' Summer TNM; 30/90, SD/30"]
[Site "San Francisco"]
[Date "2013.06.04"]
[Round "2.35"]
[White "Hack, Richard"]
[Black "Gomboluudev, Enkhjin"]
[Result "1-0"]
[WhiteElo "1633"]
[BlackElo "1106"]
[PlyCount "69"]
[EventDate "2013.??.??"]

1. e4 e5 2. Nf3 Nc6 3. Bb5 Nf6 4. O-O Bc5 5. d3 O-O 6. Bg5 h6 7. Bh4 d6 8. h3
Nd4 9. Ba4 Bd7 10. Bxd7 Qxd7 11. Bxf6 gxf6 12. Nh4 f5 13. c3 Ne6 14. Nxf5 f6
15. Nxh6+ Kh8 16. b4 Bb6 17. a4 a6 18. a5 Ba7 19. Nd2 Qg7 20. Nf5 Qg8 21. Nf3
Nf4 22. N3h4 Nxh3+ 23. Kh2 Nxf2 24. Qh5+ Qh7 25. Ng6+ Kg8 26. Nfe7+ Kg7 27.
Nf5+ Kg8 28. Qxh7+ Kxh7 29. Nxf8+ Rxf8 30. g3 Kg6 31. Kg2 Nxd3 32. Rh1 Kg5 33.
Rh7 Rc8 34. Rg7+ Kh5 35. Rh1# 1-0

[Event "Mechanics' Fall TNM; 30/90, SD/30"]
[Site "San Francisco"]
[Date "2013.11.12"]
[Round "4.16"]
[White "Hack, Richard"]
[Black "Krasnov, Steven"]
[Result "0-1"]
[WhiteElo "1565"]
[BlackElo "1949"]
[PlyCount "62"]
[EventDate "2013.??.??"]

1. e4 c5 2. Nf3 d6 3. d4 cxd4 4. Nxd4 Nf6 5. Nc3 a6 6. Bc4 e6 7. Bb3 Be7 8. O-O
b5 9. a3 Qc7 10. Bg5 O-O 11. f4 h6 12. Bh4 Nc6 13. f5 Nxd4 14. Qxd4 d5 15. Kh1
Bc5 16. Qd3 dxe4 17. Nxe4 Nxe4 18. fxe6 $5 Bb7 19. exf7+ Kh8 20. Bd5 Bxd5 21.
Qxd5 Nd6 22. Rae1 Nxf7 23. Rxf7 Qxf7 24. Qxc5 Rac8 25. Qb6 Qf1+ 26. Qg1 Qxg1+
27. Kxg1 Rxc2 28. b4 Rc3 29. h3 Rxa3 30. Bg3 Rxg3 31. Kh2 Rb3 0-1

[Event "Mechanics' Neil Falconer TNM; 30/90, SD"]
[Site "San Francisco"]
[Date "2013.08.06"]
[Round "1.16"]
[White "Hack, Richard"]
[Black "Manvelyan, Hovik"]
[Result "0-1"]
[WhiteElo "1567"]
[BlackElo "1922"]
[PlyCount "52"]
[EventDate "2013.??.??"]

1. e4 Nc6 2. d4 d5 3. e5 Bf5 4. c3 e6 5. Bd3 Nge7 6. Nd2 $4 Bxd3 7. Qf3 Ba6 8.
b4 Qd7 9. Nh3 Nf5 10. Nb3 b6 11. Bg5 Be7 12. a4 Bc4 13. Rb1 Bxg5 14. Nxg5 O-O
15. g4 Nh6 16. Nd2 f6 17. exf6 Rxf6 18. Qg2 Bd3 19. Rd1 e5 20. Qg3 e4 21. h3
Raf8 22. f4 Rxf4 23. Ndxe4 dxe4 24. Rxd3 exd3 25. Qxd3 Qe7+ 26. Kd1 Qxg5 0-1

[Event "Mechanics' Summer TNM; 30/90, SD/30"]
[Site "San Francisco"]
[Date "2013.07.16"]
[Round "8.22"]
[White "Hack, Richard"]
[Black "Ochoa, Jason"]
[Result "0-1"]
[WhiteElo "1633"]
[BlackElo "1911"]
[PlyCount "48"]
[EventDate "2013.??.??"]

1. e4 c5 2. Nf3 Nc6 3. d4 cxd4 4. Nxd4 g6 5. Nc3 Bg7 6. Be3 Nf6 7. Be2 d6 8.
O-O O-O 9. f3 Bd7 10. Qd2 Rc8 11. Rad1 a6 12. a4 Re8 13. Nb3 Ne5 14. Bd4 Nc4
15. Bxc4 Rxc4 16. Qd3 Qc8 17. Na5 Rb4 18. b3 Rxd4 19. Qxd4 Nh5 20. Qd5 Bxc3 21.
Qxb7 Bxa5 22. Qd5 Bb6+ 23. Kh1 Qc5 24. Qd3 Ng3+ 0-1

[Event "Mechanics' Fall TNM; 30/90, SD/30"]
[Site "San Francisco"]
[Date "2013.10.29"]
[Round "2.26"]
[White "Hack, Richard"]
[Black "Otterbach, Renate"]
[Result "1-0"]
[WhiteElo "1565"]
[BlackElo "865"]
[PlyCount "75"]
[EventDate "2013.??.??"]

1. e4 e6 2. d4 d5 3. Nc3 Ne7 4. e5 c5 5. Nf3 Nbc6 6. Bg5 Qb6 7. Na4 Qa5+ 8. c3
Nf5 9. dxc5 h6 10. b4 Qc7 11. Bf4 b6 12. cxb6 axb6 13. g4 Nfe7 14. Nb2 Qa7 15.
Bb5 Bb7 16. O-O g5 17. Be3 Bg7 18. Bd4 O-O 19. Qd3 Ng6 20. Rfe1 Nf4 21. Qd2 Ne7
22. h4 Neg6 23. hxg5 Nh3+ 24. Kh2 Nhf4 25. Nd3 hxg5 26. Nxf4 Nxf4 27. Nxg5 Ng6
28. Qe3 Qb8 29. Qh3 Rc8 30. Qh7+ Kf8 31. Re3 Bf6 32. Nxe6+ Ke7 33. Kg1 Rh8 34.
exf6+ Kd6 35. Qxf7 Rh1+ 36. Kxh1 Qh8+ 37. Kg1 Rg8 38. Qd7# 1-0

[Event "Mechanics' Summer TNM; 30/90, SD/30"]
[Site "San Francisco"]
[Date "2013.06.25"]
[Round "5.29"]
[White "Hack, Richard"]
[Black "Rubandhas, Samprabhu"]
[Result "1-0"]
[WhiteElo "1633"]
[BlackElo "1333"]
[Annotator "Donaldson"]
[PlyCount "65"]
[EventDate "2013.??.??"]

1. e4 e5 2. Nf3 Nc6 3. Bb5 a6 4. Ba4 Nf6 5. O-O Nxe4 6. d4 b5 7. Bb3 d5 8. dxe5
Be6 9. Nbd2 Nc5 10. c3 Nxb3 11. Nxb3 Be7 12. Qe2 Bg4 13. Bf4 O-O 14. h3 Bxf3
15. Qxf3 f6 16. e6 Ne5 17. Qg3 Bd6 18. Rfe1 Ng6 19. Bxd6 cxd6 20. Nd4 Ne7 21.
a4 Qb6 22. axb5 axb5 23. Qd3 Rab8 24. b4 Nc6 25. Nf5 Ne5 26. Qxd5 Rfe8 27. Nxd6
Re7 28. Nf5 Rxe6 29. Nd4 Rbe8 30. Nxe6 Rxe6 31. Kf1 Kf7 32. f4 Nc4 33. Qd7+ {
A nicely-played game by Richard Hack.} 1-0

[Event "Mechanics' Winter TNM; 30/90, SD/30"]
[Site "San Francisco"]
[Date "2013.01.29"]
[Round "4.27"]
[White "Hack, Richard"]
[Black "Shaughnessy, Elizabeth"]
[Result "1-0"]
[WhiteElo "1674"]
[BlackElo "1570"]
[Annotator "de Fermian"]
[PlyCount "59"]
[EventDate "2013.??.??"]

1. e4 e5 2. Nf3 Nc6 3. Bb5 Nd4 4. Ba4 b5 5. Nxd4 bxa4 6. Nf3 d6 7. h3 (7. d4
exd4 8. Qxd4 Bd7 9. Nc3) 7... Nf6 8. c3 Bd7 9. d3 Be7 10. O-O O-O 11. Be3 Qb8
12. Qc2 Nh5 13. d4 Nf4 14. Kh2 (14. dxe5) 14... Bf6 15. Nbd2 Qe8 16. Rfe1 (16.
Rfd1 c6 (16... Qe6) 17. Qxa4 Qe6 18. Bxf4 exf4 19. e5 dxe5 20. dxe5 Be7 (20...
Bxe5 21. Nb3 Be8 22. Nc5 Qf5 23. Nxe5 Qxe5 24. Nd3) 21. Qxf4 c5 22. a3 a5)
16... c6 17. Qxa4 Qe6 18. Bxf4 exf4 19. e5 dxe5 20. dxe5 Be7 21. Qxf4 c5 22. a3
a5 23. Rad1 h6 24. Nc4 Ba4 25. Rd6 Bxd6 26. exd6 g5 27. Qd2 (27. Rxe6 gxf4 28.
Rxh6) 27... Qxc4 28. Nxg5 Bd7 (28... Rae8) 29. Re4 Rae8 (29... Qf1 30. Nh7 Kxh7
31. Rh4 Kg8 32. Qxh6) 30. Rxc4 1-0

[Event "Mechanics' Neil Falconer TNM; 30/90, SD"]
[Site "San Francisco"]
[Date "2013.09.24"]
[Round "8.19"]
[White "Hack, Richard"]
[Black "Shnaiderman, Lazar"]
[Result "0-1"]
[WhiteElo "1567"]
[BlackElo "1800"]
[PlyCount "44"]
[EventDate "2013.??.??"]

1. e4 c5 2. Nf3 d6 3. d4 cxd4 4. Nxd4 Nf6 5. Nc3 Nc6 6. Bc4 Qb6 7. Nb3 e6 8.
Be3 Qc7 9. O-O Be7 10. f3 Ne5 11. Be2 Nc4 12. Bf2 O-O 13. Bxc4 Qxc4 14. Qd2 b6
15. Rfd1 Bb7 16. a4 d5 17. e5 Nd7 18. f4 Bb4 19. Qe3 Bxc3 20. bxc3 Rac8 21. Be1
Ba6 22. Rd4 $4 Qf1# 0-1

[Event "Mechanics' Summer TNM; 30/90, SD/30"]
[Site "San Francisco"]
[Date "2013.07.02"]
[Round "6.21"]
[White "Hack, Richard"]
[Black "Solomonik, Edgar"]
[Result "0-1"]
[WhiteElo "1633"]
[BlackElo "1775"]
[PlyCount "64"]
[EventDate "2013.??.??"]

1. e4 c6 2. d4 d5 3. exd5 cxd5 4. Bd3 Nc6 5. c3 Nf6 6. Bf4 g6 7. Nf3 Bg4 8.
Nbd2 Bg7 9. O-O O-O 10. Re1 Re8 11. h3 Bxf3 12. Nxf3 Nd7 13. Bb5 a6 14. Bxc6
bxc6 15. Ne5 Nxe5 16. dxe5 e6 17. Qd2 Qc7 18. Re2 h6 19. Bg3 Red8 20. f4 c5 21.
Bf2 Bf8 22. Rd1 d4 23. cxd4 cxd4 24. Bxd4 Rxd4 25. Qe1 Rxd1 26. Qxd1 Rd8 27.
Qf1 Qc4 28. b3 Qd3 29. Kh2 Bb4 30. Qf2 Bc5 31. Qf1 Be3 32. g3 Qxe2+ 0-1